[Event "DEN-chB"]
[Site "?"]
[Date "1988.??.??"]
[Round "5"]
[White "Nielsen, Peter Heine"]
[Black "Jacobsen, Bo"]
[Result "0-1"]
[WhiteElo "2260"]
[BlackElo "2280"]

1.b3 e5 2.Bb2 Nc6 3.e3 d6 4.Bb5 Bd7 5.Nf3 a6 6.Be2 g5 7.d4 g4 8.Nfd2 Qg5
9.O-O Nge7 10.d5 Nd8 11.f4 gxf3 12.Rxf3 Rg8 13.Qf1 f5 14.c4 Ng6 15.Nc3 Be7
16.b4 h5 17.Kh1 h4 18.a4 Nf7 19.c5 Rf8 20.Ba3 e4 21.Rh3 Nfe5 22.Nc4 Nxc4
23.Bxc4 f4 24.Nxe4 Qe5 25.Rf3 h3 26.gxh3 Nh4 27.cxd6 cxd6 28.Nd2 Nxf3 29.Nxf3 Qxe3
30.Bb2 Qe4 31.Re1 Qh7 32.Qe2 Rg8 33.Bf6 O-O-O 34.Bxe7 Rde8 35.Bd3 Qxh3 36.Qc2+ Kb8
37.Bxd6+ Ka8 38.Rxe8+ Rxe8 39.Ng1 Qh5  0-1

[Event "DEN-chB"]
[Site "?"]
[Date "1988.??.??"]
[Round "6"]
[White "Sorensen, Henrik"]
[Black "Nielsen, Peter Heine"]
[Result "1-0"]
[WhiteElo "2265"]
[BlackElo "2260"]

1.d4 g6 2.e4 Bg7 3.c3 d6 4.Nf3 Nf6 5.Bd3 O-O 6.O-O Nc6 7.Nbd2 e5 8.dxe5 dxe5
9.Qc2 Nh5 10.Re1 Nf4 11.Bf1 g5 12.Nc4 g4 13.Nfd2 Qh4 14.Ne3 Rd8 15.b4 Rd6
16.Bc4 Ne7 17.Ndf1 Qg5 18.Kh1 Qg6 19.Ba3 b5 20.Bxb5 Bb7 21.Ng3 Bf8 22.Rad1 h5
23.f3 h4 24.Ngf5 Rxd1 25.Rxd1 Nxf5 26.Nxf5 h3 27.Bf1 a5 28.Bc1 axb4 29.cxb4 Ba6
30.Bxf4 Bxf1 31.Rxf1 exf4 32.gxh3 Qe6 33.Rg1 Rxa2 34.Qxc7 Qb6 35.Qxf4 Bxb4
36.Qxg4+ Kf8 37.Qg8+  1-0

[Event "Aarhus op"]
[Site "Aarhus"]
[Date "1990.??.??"]
[Round "1"]
[White "Giertz, Niklaus"]
[Black "Nielsen, Peter Heine"]
[Result "1/2-1/2"]
[WhiteElo "2305"]
[BlackElo "2280"]

1.Nf3 g6 2.g3 Bg7 3.Bg2 Nf6 4.O-O O-O 5.d3 d6 6.e4 c5 7.a4 Nc6 8.Na3 Nd4
9.Nc4 e5 10.c3 Nxf3+ 11.Bxf3 Bh3 12.Bg2 Bxg2 13.Kxg2 d5 14.Nxe5 Re8 15.Ng4 dxe4
16.Nxf6+ Bxf6 17.dxe4 Rxe4 18.Qxd8+ Rxd8  1/2-1/2

[Event "Aarhus-B"]
[Site "Aarhus"]
[Date "1990.??.??"]
[Round "1"]
[White "Nielsen, Peter Heine"]
[Black "Jacobsen, Bo"]
[Result "1/2-1/2"]
[WhiteElo "2280"]
[BlackElo "2295"]

1.e4 e5 2.Nf3 Nc6 3.Bb5 Nf6 4.O-O Nxe4 5.d4 Be7 6.Qe2 Nd6 7.Bxc6 bxc6 8.dxe5 Nb7
9.Rd1 O-O 10.Nd4 Qe8 11.Nf5 d6 12.exd6 Bxd6 13.Qf3 Be5 14.Nc3 Nd6 15.Nxd6 cxd6
16.Bf4 Rb8 17.b3 Rb4 18.Bxe5 Qxe5 19.Re1 Qg5 20.Re3 d5 21.Rae1 a5 22.Ne2 d4
23.Qg3 Qxg3 24.Rxg3 Re8 25.Rd3 Ba6 26.Rdd1 Kf8 27.Nf4 c5 28.Rxe8+ Kxe8 29.Nd3 Bxd3
30.Rxd3 Ke7 31.Kf1 Ke6 32.Ke2 f5 33.Rh3 h6 34.Rg3 Kf6 35.c3 Rb6 36.Kd3 Rd6
37.cxd4 cxd4 38.h4 g6 39.Rh3 Ke5 40.Rh1 Rc6 41.Re1+ Kd5 42.Re8 Rc3+ 43.Kd2 a4
44.Rd8+ Ke5 45.Re8+ Kf6 46.Rf8+ Ke5 47.Re8+ Kf6 48.Rf8+ Ke5  1/2-1/2

[Event "Aarhus op"]
[Site "Aarhus"]
[Date "1990.??.??"]
[Round "2"]
[White "Nielsen, Peter Heine"]
[Black "Hansen, Carsten"]
[Result "1-0"]
[WhiteElo "2280"]
[BlackElo "2305"]

1.d4 Nf6 2.Nf3 e6 3.c4 c5 4.d5 b5 5.Bg5 Qa5+ 6.Qd2 Qxd2+ 7.Nbxd2 bxc4 8.e4 Na6
9.Bxc4 Bb7 10.O-O-O h6 11.Bh4 Be7 12.Rhe1 Nh5 13.Bxe7 Kxe7 14.Nb3 Rhd8 15.Na5 Bc8
16.Ne5 Rg8 17.dxe6 dxe6 18.Nec6+ Kf6 19.e5+ Kg5 20.Ne7  1-0

[Event "Aarhus-B"]
[Site "Aarhus"]
[Date "1990.??.??"]
[Round "3"]
[White "Nielsen, Peter Heine"]
[Black "Kroll, Ove"]
[Result "1/2-1/2"]
[WhiteElo "2280"]
[BlackElo "2340"]

1.e4 e6 2.d4 d5 3.Nc3 Bb4 4.e5 c5 5.a3 Bxc3+ 6.bxc3 Ne7 7.Nf3 b6 8.a4 Ba6
9.Bb5+ Bxb5 10.axb5 a5 11.O-O Nd7 12.dxc5 bxc5 13.c4 Nb6 14.cxd5 Qxd5 15.Be3 O-O
16.Qxd5  1/2-1/2

[Event "Aarhus-B"]
[Site "Aarhus"]
[Date "1990.??.??"]
[Round "4"]
[White "Kjeldsen, Jens"]
[Black "Nielsen, Peter Heine"]
[Result "1/2-1/2"]
[WhiteElo "2300"]
[BlackElo "2280"]

1.d4 Nf6 2.c4 g6 3.Nc3 Bg7 4.e4 d6 5.Nf3 O-O 6.Be2 c5 7.O-O cxd4 8.Nxd4 Nc6
9.Be3 Bd7 10.Rc1 Nxd4 11.Bxd4 Bc6 12.Bd3 a5 13.Qd2  1/2-1/2

[Event "Aarhus op"]
[Site "Aarhus"]
[Date "1990.??.??"]
[Round "4"]
[White "Nielsen, Peter Heine"]
[Black "Kjeldsen, Jens"]
[Result "0-1"]
[WhiteElo "2280"]
[BlackElo "2300"]

1.c4 g6 2.d4 c5 3.Nf3 Bg7 4.e4 Nc6 5.d5 Nd4 6.Nxd4 cxd4 7.Be2 e5 8.O-O Ne7
9.Nd2 O-O 10.c5 f5 11.d6 Nc6 12.a4 b6 13.Ra3 bxc5 14.exf5 gxf5 15.Bc4+ Kh8
16.Rh3 Qe8 17.Nf3 Na5 18.Ba2 c4 19.Re1 e4 20.Nxd4 Bb7 21.Bg5 f4 22.Be7 Qg6
23.Bb1 Rg8 24.g3 Rac8 25.Rh5 fxg3 26.hxg3 Nb3 27.Rg5 Qf7 28.Rf5 Qg6 29.Rg5 Qf7
30.Nf5 Qe6 31.Qh5 Bxb2 32.Rxg8+ Rxg8 33.Nh6 Rg6 34.Qb5 Qh3 35.Nf7+ Kg7 36.Ng5 Qg4
37.Qxb7 Bd4 38.Kg2 Qf5 39.Rxe4 Qxf2+ 40.Kh3 Qf1+ 41.Kg4 h5+ 42.Kh4 Qh1+ 43.Nh3 Qxb1
44.Bg5 Rxg5 45.Kxg5 Qc1+ 46.Rf4 Nc5 47.Qd5 Ne6+ 48.Kxh5 Nxf4+ 49.Nxf4 Bf6
50.Qb7 Qd1+ 51.g4 Qxd6 52.g5 Be5 53.Ng2 Qd1+ 54.Kh4 Qd4+ 55.Kh5 c3 56.Ne3 Qd3
57.Qf3 Qg6+ 58.Kg4 Qe6+ 59.Kh5 Qf7+ 60.Kg4 Qxf3+ 61.Kxf3 Kg6 62.Ke4 Bg7 63.Kd3 Kxg5
64.a5 Be5 65.a6 Kf6 66.Nc4 Ke6 67.Na3 Kd5 68.Nb5 Bb8 69.Nxc3+ Kc5 70.Ne4+ Kb5
71.Nf6 d6 72.Nd5 Kxa6 73.Kc4 Kb7 74.Kb5 a6+ 75.Kc4 Kc6 76.Nb4+ Kb7 77.Kd5 Bc7
78.Na2 Kb6 79.Nc3 a5 80.Kc4 Kc6 81.Nd5 Bd8 82.Nc3 Bb6 83.Nd5 Bc5 84.Ne7+ Kd7
85.Nd5 a4 86.Nc3 a3 87.Kd5 Ke7 88.Na2 Kf6 89.Kc4 Kf5 90.Kd3 Ke5 91.Nc3 d5
92.Na2 Bd4 93.Nb4 Bb2 94.Nc6+ Kd6 95.Nb4 Kc5 96.Na2 d4 97.Kd2 Kc4 98.Kc2 d3+
99.Kd2 Bf6  0-1

[Event "Aarhus int-B"]
[Site "Aarhus"]
[Date "1990.??.??"]
[Round "5"]
[White "Nielsen, Peter Heine"]
[Black "Pedersen, E."]
[Result "1/2-1/2"]
[WhiteElo "2280"]
[BlackElo "2415"]

1.e4 c6 2.d4 d5 3.Nc3 dxe4 4.Nxe4 Nf6 5.Nxf6+ gxf6 6.c3 Bf5 7.Bf4 e6 8.Bd3 Bg6
9.Ne2 Bd6 10.Bg3 Qc7 11.O-O Nd7 12.b4 O-O-O 13.a4 Bxd3 14.Qxd3 h5 15.b5 h4
16.bxc6 Qxc6 17.Bxd6 Qxd6 18.Qf3 Qc6  1/2-1/2

[Event "Aarhus op"]
[Site "Aarhus"]
[Date "1990.??.??"]
[Round "7"]
[White "Nielsen, Peter Heine"]
[Black "Nielsen, Uffe V"]
[Result "1/2-1/2"]
[WhiteElo "2280"]
[BlackElo "2285"]

1.e4 c5 2.Nf3 e6 3.d3 Nc6 4.g3 b6 5.Nbd2 Bb7 6.Bg2 Be7 7.O-O d6 8.Re1 Nf6
9.c3 O-O 10.a3 Ne5 11.Nxe5 dxe5 12.Nc4 Nd7 13.a4 a6 14.Qh5 b5 15.Ne3 g6 16.Qe2 Nf6
17.b3 Qd7 18.Bb2 Rfd8 19.Bf1 Qc7 20.c4 b4 21.h4 Nd7 22.Ng4 h5  1/2-1/2

[Event "Aarhus int-B"]
[Site "Aarhus"]
[Date "1990.??.??"]
[Round "8"]
[White "Kroll, Ove"]
[Black "Nielsen, Peter Heine"]
[Result "0-1"]
[WhiteElo "2340"]
[BlackElo "2280"]

1.c4 Nf6 2.Nc3 g6 3.e4 d6 4.d4 Bg7 5.f3 O-O 6.Be3 Nc6 7.Nge2 a6 8.a3 Bd7
9.b4 Re8 10.Ra2 Qb8 11.g3 e6 12.Bg2 b5 13.c5 a5 14.Qb1 axb4 15.axb4 dxc5
16.bxc5 b4 17.Rb2 Ra3 18.Kf2 Qa8 19.Na2 Rb8 20.Rd1 b3 21.Nac1 Na5 22.Bf1 Bb5
23.Bd2 Nc4 24.Rxb3 Rxb3 25.Nxb3 Ba4 26.Nec1 Bxb3 27.Nxb3 Qa4 28.Qc1 Nxd2
29.Nxd2 Qxd4+ 30.Kg2 Rb2 31.Kh3 Bh6 32.Nc4 Rxh2+ 33.Kxh2 Qf2+  0-1

[Event "Aarhus op"]
[Site "Aarhus"]
[Date "1990.??.??"]
[Round "9"]
[White "Kula, Robert"]
[Black "Nielsen, Peter Heine"]
[Result "1/2-1/2"]
[WhiteElo "2295"]
[BlackElo "2280"]

1.d4 g6 2.c4 Bg7 3.Nc3 d6 4.e4 c5 5.d5 Bxc3+ 6.bxc3 Qa5 7.Qb3 f5 8.Bd3 fxe4
9.Bxe4 Nf6 10.Bd3 Na6 11.Ne2 Bd7 12.O-O O-O-O 13.Rb1 b6 14.Bg5 Rhf8 15.Rfe1 Ng8
16.Qc2 Rf7 17.Bd2 Rdf8 18.f3 Qa4 19.Rb3 Nc7 20.Qb2 Qa6 21.a4 Bf5 22.Bxf5+ Rxf5
23.a5 Qxc4 24.axb6 axb6 25.Rxb6 Kd7 26.Rb7 Nf6 27.Nf4 Rxf4 28.Bxf4 Nxd5 29.Re4 Qa6
30.Bd2 e5 31.Re1 Kc6 32.Rb1 Ra8 33.Qb3 h5 34.h3 g5 35.Bxg5 Qe2 36.Qb2 Qc4
37.Rxc7+ Nxc7 38.Qb6+ Kd7 39.Rd1 d5 40.Qf6 Qe2 41.Qe7+ Kc6 42.Qf6+ Kd7 43.Qg7+ Kc6
44.Rb1 Ra2 45.Bd8 Nb5 46.c4 dxc4 47.Qg6+ Kd7 48.Rxb5 Qe3+ 49.Kh2 Qf4+ 50.Qg3 Qxg3+
51.Kxg3 Kxd8 52.Rxc5 h4+ 53.Kh2 Ra4 54.Rxe5 Ra7 55.Rh5 Rc7 56.Rh8+ Kd7 57.Rxh4 c3
58.Rd4+ Ke6 59.Rd1 c2 60.Rc1 Ke5 61.Kg3 Kd4 62.h4 Ke3 63.h5 Rg7+ 64.Kh3 Kd2
65.Ra1 Ra7 66.Rf1 Re7  1/2-1/2

[Event "Arnold Cup"]
[Site "Gausdal"]
[Date "1990.??.??"]
[Round "3"]
[White "Nielsen, Peter Heine"]
[Black "Jansson, Joran"]
[Result "1-0"]
[WhiteElo "2280"]
[BlackElo "2325"]

1.e4 e5 2.Nf3 Nc6 3.Bb5 a6 4.Ba4 Nf6 5.O-O b5 6.Bb3 Be7 7.Re1 O-O 8.c3 d6
9.h3 Na5 10.Bc2 c5 11.d4 Qc7 12.Nbd2 Bd7 13.Nf1 Rac8 14.Ne3 cxd4 15.cxd4 Nc4
16.Nxc4 bxc4 17.Bd2 Bc6 18.Bc3 Nd7 19.Qe2 Bb7 20.Rac1 Bf6 21.Bb1 Rfe8 22.d5 a5
23.Qd2 Bd8 24.b3 Ba6 25.Bb2 Qb8 26.bxc4 Bxc4 27.Re3 a4 28.Ra3 Qb5 29.Bd3 Ba5
30.Rxc4 Bxd2 31.Rxc8 Qxb2 32.Rxe8+ Nf8 33.Rxa4 Qc1+ 34.Bf1 Bh6 35.Raa8 g6
36.a4 f5 37.exf5 gxf5 38.Rec8 Qd1 39.Ng5 e4 40.Ne6 Kf7 41.Rxf8+ Bxf8 42.Rxf8+ Ke7
43.Rxf5 Qxa4 44.Rf4 Qc2 45.Ng5 e3 46.fxe3 Qd2 47.Re4+ Kf6 48.Nf3 Qxd5 49.Rd4 Qc5
50.e4 Ke7 51.Kh2 Qc1 52.Nd2 Qe1 53.Rd3 h5 54.Kg1 h4 55.Nc4 Qb4 56.Rxd6 Qc5+
57.Kh1 Qf2 58.Rd1 Qc2 59.Re1 Qc3 60.Re3 Qd4 61.e5 Ke6 62.Rf3 Qa1 63.Kh2 Qd4
64.Be2 Ke7 65.Bd3 Ke6 66.Bf1 Ke7 67.Be2 Ke6 68.Bd3 Ke7 69.Kh1 Qa1+ 70.Rf1 Qd4
71.Rd1 Qf2 72.Nd2 Qf4 73.Nf3 Ke6 74.Re1 Ke7 75.e6 Qd6 76.Bf5 Qb4 77.Bg4 Qc3
78.Rd1 Qe3 79.Rd7+ Kf8 80.e7+ Ke8 81.Bh5+  1-0

[Event "Arnold Cup"]
[Site "Gausdal"]
[Date "1990.??.??"]
[Round "6"]
[White "Ostenstad, Berge"]
[Black "Nielsen, Peter Heine"]
[Result "1-0"]
[WhiteElo "2410"]
[BlackElo "2280"]

1.d4 Nf6 2.c4 g6 3.Nc3 Bg7 4.e4 d6 5.Nf3 O-O 6.Be2 c5 7.d5 e6 8.O-O exd5
9.cxd5 Bg4 10.h3 Bxf3 11.Bxf3 Nbd7 12.Bf4 Qe7 13.Re1 Rfe8 14.Nb5 Ne5 15.Bxe5 Qxe5
16.Nc7 Qxb2 17.Nxa8 Rxa8 18.Rb1 Qxa2 19.Rxb7 Ne8 20.Qb1 Qa5 21.Rc1 Qd8 22.Qb5 Bd4
23.Rc2 a5 24.Rd7 Qb8 25.Rb7 Qd8 26.Qa4 Qh4 27.Qc6 Nf6 28.Rxf7 Nxe4 29.Bxe4 Qxe4
30.Re7 Qxe7 31.Qxa8+ Kg7 32.Qxa5 Qe5 33.Qc7+ Kh6 34.Qf7 Qe4 35.Rc1 Bb2 36.Qf8+ Kg5
37.Rd1 Qf4 38.Qe7+ Kh6 39.g3 Qf3 40.Rb1  1-0

[Event "DEN-ch"]
[Site "Randers"]
[Date "1990.??.??"]
[Round "?"]
[White "Nielsen, Peter Heine"]
[Black "Christensen, J."]
[Result "1-0"]
[WhiteElo "2280"]
[BlackElo "2275"]

1.d4 Nf6 2.Nf3 c5 3.d5 g6 4.c4 b5 5.cxb5 a6 6.Nc3 Bg7 7.e4 O-O 8.a4 d6 9.b6 Qxb6
10.a5 Qc7 11.Nd2 e6 12.Be2 exd5 13.exd5 Nbd7 14.Nc4 Ne5 15.Nxe5 dxe5 16.O-O Bb7
17.Bc4 Rad8 18.Bg5 Rd7 19.Qd2 Re8 20.Rfd1 e4 21.Bf4 Qd8 22.Bb3 Bc6 23.dxc6 Rxd2
24.Rxd2 Qc8 25.c7 Nh5 26.Bd6 Bd4 27.Ba4 e3 28.Bxe8 exd2 29.Nd5 Qe6 30.Rf1 Qxd5
31.c8=Q Qxd6 32.Ba4+ Kg7 33.Qc6 Qxc6 34.Bxc6 Bxb2 35.Bb7 Bc3 36.Bxa6 Bxa5
37.Rb1 Nf6 38.Kf1 Ne4 39.Rd1 Nd6 40.Ke2 Kf6 41.Ra1 Bb4 42.Bd3 Ke5 43.Ra8 Kd4
44.Rd8 c4 45.Bc2 Kc3 46.Kd1 h5 47.h3 Kd4 48.Rb8 Kc5 49.f3 c3 50.g4 hxg4 51.fxg4 Nc4
52.Bb3 Nd6 53.Ke2 f5 54.Rg8 Kd4 55.Rxg6 Nc4 56.Rg8 f4 57.Rd8+ Nd6 58.Bc2 Ke5
59.g5 Nb5 60.g6 Kf6 61.Rd7 f3+ 62.Kxf3 Bf8 63.Rf7+ Ke5 64.Ke2 Na3 65.Kd3  1-0

[Event "DEN-ch"]
[Site "Randers"]
[Date "1990.??.??"]
[Round "?"]
[White "Kroll, Ove"]
[Black "Nielsen, Peter Heine"]
[Result "1-0"]
[WhiteElo "2340"]
[BlackElo "2280"]

1.c4 Nf6 2.Nc3 g6 3.e4 d6 4.d4 Bg7 5.f3 O-O 6.Be3 c5 7.dxc5 dxc5 8.Qxd8 Rxd8
9.Bxc5 Nc6 10.Be3 b6 11.Rc1 Bb7 12.Nh3 Nd7 13.Nf2 Nc5 14.Be2 Nd4 15.b3 f5
16.exf5 Nxf5 17.Bxc5 bxc5 18.Nfe4 Bd4 19.Nb5 Be3 20.Rd1 Nd4 21.Nxd4 Bxe4
22.Ne6 Rxd1+ 23.Bxd1 Bd3 24.Nc7 Rd8 25.Nd5 Bg5 26.Be2 Bb1 27.h4 Bf6 28.Kd2 Bxa2
29.Kc2 Rb8 30.Nxf6+ exf6 31.Ra1 Bxb3+ 32.Kc3 Rb4 33.Rb1 Ba4 34.Rxb4 cxb4+
35.Kxb4 Bc2 36.Ka5 Kf7 37.Ka6 Ke6 38.Kxa7 Ke5 39.c5 Kf4 40.c6 Kg3 41.c7 Bf5
42.Kb8  1-0

[Event "Wch U18"]
[Site "Singapore"]
[Date "1990.??.??"]
[Round "?"]
[White "Nielsen, Peter Heine"]
[Black "Kogan, Artur"]
[Result "1-0"]
[WhiteElo "2280"]
[BlackElo "2335"]

1.d4 Nf6 2.c4 e6 3.Nf3 b6 4.g3 Ba6 5.Qa4 c6 6.Nc3 b5 7.cxb5 cxb5 8.Nxb5 Qb6
9.Nc3 Bb4 10.Bg2 Nc6 11.O-O Bxc3 12.bxc3 Bxe2 13.Re1 Bb5 14.Qc2 Qa6 15.Bg5 d5
16.Bxf6 gxf6 17.Qd2 Ne7 18.Qh6 Ng6 19.h4 Qd6 20.h5 Qf8 21.Qe3 Ne7 22.Rab1 a6
23.Qf4 Qg7 24.c4 dxc4 25.h6 Qf8 26.Nh2 Ng6 27.Qxf6 Rc8 28.Ng4 Qe7 29.a4 Bxa4
30.Qg7 Bb5 31.d5 Rf8 32.Nf6+ Kd8 33.dxe6 Rc5 34.Rbd1+ Kc8 35.Rd7 Bxd7 36.exd7+ Kd8
37.Rxe7 Kxe7 38.Be4 c3 39.Bxg6 hxg6 40.Qxf8+  1-0

[Event "Wch U18"]
[Site "Singapore"]
[Date "1990.??.??"]
[Round "?"]
[White "Nielsen, Peter Heine"]
[Black "Tiviakov, Sergei"]
[Result "0-1"]
[WhiteElo "2280"]
[BlackElo "2480"]

1.e4 c5 2.Nf3 d6 3.Nc3 Nf6 4.g3 Nc6 5.Bg2 g6 6.O-O Bg7 7.d3 O-O 8.h3 Nd4
9.Be3 e5 10.Kh2 Bd7 11.Qd2 b5 12.Bg5 Ne6 13.Bh6 Bc6 14.Bxg7 Kxg7 15.Ng5 Nh5
16.Nxe6+ fxe6 17.a4 b4 18.Nd1 d5 19.Qe2 Qd6 20.b3 Nf6 21.Ne3 Rad8 22.Ng4 dxe4
23.Bxe4 Nxe4 24.dxe4 Qd2 25.Rae1 Qxe2 26.Rxe2 Bb7 27.Nxe5 Ba6 28.Nd3 Rxd3
29.cxd3 Bxd3 30.Rfe1 Bxe2 31.Rxe2 Rf3 32.Rb2 Kf6 33.Kg2 Rc3 34.f4 g5 35.fxg5+ Kxg5
36.h4+ Kg4  0-1

[Event "Wch U18"]
[Site "Singapore"]
[Date "1990.??.??"]
[Round "?"]
[White "Nielsen, Peter Heine"]
[Black "Tong Yuanming"]
[Result "1/2-1/2"]
[WhiteElo "2280"]
[BlackElo "2360"]

1.d4 Nf6 2.c4 e6 3.Nc3 Bb4 4.Qc2 c5 5.dxc5 O-O 6.Nf3 Na6 7.g3 Nxc5 8.Bd2 d5
9.a3 Bxc3 10.Bxc3 dxc4 11.Rd1 Bd7 12.Ne5 Ba4 13.Rxd8 Bxc2 14.Rxf8+ Rxf8 15.Nxc4 Rc8
16.Ne3 Bb3 17.Bxf6 gxf6 18.Bg2 Rd8 19.h4 h6 20.h5 Rd4 21.Rh4 Rxh4 22.gxh4 f5
23.Kd2 b6 24.Kc3 Kg7 25.Nc4 Bd1 26.b4 Ne4+ 27.Bxe4 fxe4 28.Kd2 Ba4 29.Nd6 f5
30.Nc8 Bd7 31.Nxa7 Kf6 32.Kc3 Ke5 33.Kc4 Kf4 34.b5 e3 35.f3 Kg3 36.a4 Kf2
37.a5 Kxe2 38.axb6 Kf1 39.b7 e2 40.b8=Q e1=Q 41.Qd6  1/2-1/2

[Event "Aarhus op"]
[Site "Aarhus"]
[Date "1991.??.??"]
[Round "1"]
[White "Nielsen, Peter Heine"]
[Black "Jakobsen, Peter"]
[Result "0-1"]
[WhiteElo "2365"]
[BlackElo "2330"]

1.b3 e5 2.Bb2 Nc6 3.c4 Nf6 4.g3 d6 5.Bg2 g6 6.Nc3 Bg7 7.e3 O-O 8.Nge2 Bf5
9.d3 Qd7 10.O-O Bh3 11.e4 Bxg2 12.Kxg2 Nh5 13.Nd5 f5 14.b4 Rf7 15.b5 Ne7
16.a4 Nxd5 17.cxd5 Raf8 18.Ng1 Nf6 19.Qe2 g5 20.Qe3 fxe4 21.dxe4 Ng4 22.Qxa7 Rxf2+
23.Rxf2 Rxf2+ 24.Qxf2 Nxf2 25.Kxf2 g4 26.Bc1 Kf8 27.Ke2 Ke8 28.Bg5 Qf7 29.a5 Qg6
30.a6 Qxe4+ 31.Be3 bxa6 32.bxa6 Bh6 33.Ra3 Bxe3 34.Rxe3 Qc4+ 35.Kf2 Qxa6
36.Ne2 Qa2  0-1

[Event "Aarhus op"]
[Site "Aarhus"]
[Date "1991.??.??"]
[Round "3"]
[White "Nielsen, Peter Heine"]
[Black "Hansen, Carsten"]
[Result "0-1"]
[WhiteElo "2365"]
[BlackElo "2300"]

1.g3 g6 2.Bg2 Bg7 3.d4 Nf6 4.Nf3 d6 5.Nc3 O-O 6.O-O Nbd7 7.e4 e5 8.dxe5 dxe5
9.Qe2 c6 10.a4 Re8 11.Rd1 Qc7 12.b3 Nc5 13.Bb2 Bg4 14.h3 Bxf3 15.Qxf3 Ne6
16.Ne2 Rad8 17.Qe3 a5 18.Bc3 b6 19.Rd2 Rxd2 20.Qxd2 Rd8 21.Qe1 Qd6 22.Kf1 Ne8
23.Bb2 N8c7 24.Ba3 Qd7 25.h4 Bf8 26.Bxf8 Kxf8 27.Bh3 Qd6 28.Qc3 Nc5 29.Qf3 N7a6
30.h5 Nb4 31.c3 Nxb3  0-1

[Event "Aarhus op"]
[Site "Aarhus"]
[Date "1991.??.??"]
[Round "6"]
[White "Berntsen, Sheila Barth"]
[Black "Nielsen, Peter Heine"]
[Result "1-0"]
[WhiteElo "2165"]
[BlackElo "2365"]

1.d4 g6 2.c4 f5 3.Nc3 Nf6 4.e3 d6 5.Bd3 Bg7 6.e4 e5 7.d5 O-O 8.Nge2 a5 9.f3 Nh5
10.Be3 Na6 11.Qd2 Nc5 12.O-O-O Bd7 13.Bc2 f4 14.Bxc5 dxc5 15.Ba4 Bc8 16.d6 Be6
17.dxc7 Qxc7 18.Nd5 Qf7 19.Nec3 Bxd5 20.Qxd5 Nf6 21.Qxf7+ Kxf7 22.Rd6 Rfd8
23.Rhd1 Rxd6 24.Rxd6 Ra6 25.Nb5 Bf8 26.Rd8 g5 27.Rb8 Rb6 28.Na7 g4 29.Nc8 Re6
30.Rxb7+ Kg6 31.Rb6 g3 32.hxg3 Rxb6 33.Nxb6 fxg3 34.Nd7 Nxd7 35.Bxd7 Kg5
36.Kc2 Kf4 37.Kb3 Ke3 38.Ka4 Kd3 39.Be6 Kc2 40.Kxa5 Kxb2 41.a4 Kb3 42.Kb5  1-0

[Event "Bad Lauterberg"]
[Site "Bad Lauterberg"]
[Date "1991.??.??"]
[Round "?"]
[White "Hertneck, Gerald"]
[Black "Nielsen, Peter Heine"]
[Result "0-1"]
[WhiteElo "2555"]
[BlackElo "2445"]

1.d4 Nf6 2.c4 g6 3.Nc3 Bg7 4.e4 d6 5.Nf3 O-O 6.Be2 c5 7.d5 e6 8.h3 Re8 9.O-O exd5
10.exd5 Ne4 11.Nxe4 Rxe4 12.Bd3 Re8 13.Bg5 Qc7 14.Re1 Bd7 15.Qd2 Na6 16.Bh6 Bh8
17.Rxe8+ Rxe8 18.Rc1 Qd8 19.b3 Qf6 20.Bf4 Bg7 21.Kh2 Nb8 22.Kg3 Bc8 23.Qa5 h6
24.Qc7 g5 25.Bd2 Na6 26.Qa5 Nb4 27.Bf1 Qb2 28.Kh2 g4 29.Re1 Rxe1 30.Bxe1 b6
31.Qa4 gxf3 32.Qe8+ Kh7 33.Qxc8 Qe5+ 34.Kg1 fxg2 35.Kxg2 Qe4+ 36.Kg1 Qxe1
37.a3 Na2 38.Qf5+ Kg8 39.Kg2 Qe5 40.Qd7 Nc3 41.Qxa7 Ne4 42.Bd3 Qg5+ 43.Kf1 Qc1+
44.Kg2 Qg5+ 45.Kf1 Nd2+  0-1

[Event "Bad Lauterberg"]
[Site "Bad Lauterberg"]
[Date "1991.??.??"]
[Round "1"]
[White "Luther, Thomas"]
[Black "Nielsen, Peter Heine"]
[Result "1/2-1/2"]
[WhiteElo "2495"]
[BlackElo "2445"]

1.e4 c5 2.Nf3 Nc6 3.d4 cxd4 4.Nxd4 g6 5.c4 Bg7 6.Be3 Nf6 7.Nc3 O-O 8.Be2 d6
9.O-O Bd7 10.Qd2 Nxd4 11.Bxd4 Bc6 12.Bf3 a5 13.Rae1 a4 14.Nd5 Nd7 15.Bxg7 Kxg7
16.Re3 Nc5 17.Bd1 e5 18.Nc3 Qe7 19.Bc2 Ne6 20.Rd1 Rfd8 21.Ne2 Kh8 22.f3 Qc7
23.Kh1 Qb6 24.Bb1 Kg8 25.Rd3 Nc5 26.Rc3 Rd7 27.Rc2 Ne6 28.Qc3 Qc5  1/2-1/2

[Event "Bad Lauterberg"]
[Site "Bad Lauterberg"]
[Date "1991.??.??"]
[Round "4"]
[White "Nielsen, Peter Heine"]
[Black "Romanishin, Oleg M"]
[Result "1/2-1/2"]
[WhiteElo "2445"]
[BlackElo "2600"]

1.e4 e5 2.Nf3 Nc6 3.d4 exd4 4.Nxd4 Bc5 5.Be3 Qf6 6.c3 Nge7 7.Bc4 Ne5 8.Be2 d5
9.O-O dxe4 10.Nb5 Bd6 11.Bc5 a6 12.Bxd6  1/2-1/2

[Event "Bad Lauterberg"]
[Site "Bad Lauterberg"]
[Date "1991.??.??"]
[Round "10"]
[White "Soffer, Ram"]
[Black "Nielsen, Peter Heine"]
[Result "0-1"]
[WhiteElo "2450"]
[BlackElo "2445"]

1.c4 Nf6 2.Nc3 d6 3.d4 Nbd7 4.e4 e5 5.d5 Be7 6.Be3 O-O 7.f3 c5 8.g3 a6 9.a4 Ne8
10.h4 Rb8 11.Bd3 Ndf6 12.Nge2 Kh8 13.Qc2 Bd7 14.a5 b6 15.axb6 Rxb6 16.h5 h6
17.Nc1 Nh7 18.f4 Bf6 19.Bf1 Qe7 20.Bg2 exf4 21.gxf4 Bxc3+ 22.Qxc3 Nef6 23.Rg1 Ng4
24.Bf3 Nhf6 25.e5 dxe5 26.Bxg4 Nxg4 27.fxe5 Nxe5 28.Kd1 Bg4+ 29.Kc2 Bf5+
30.Kd1 Ng4 31.Rxg4 Bxg4+ 32.Kd2 Re8 33.b3 Qh4 34.Nd3 Qh2+ 35.Nf2 Rf6 36.Rf1 Rf3  0-1

[Event "Cheliabinsk-A"]
[Site "Cheliabinsk"]
[Date "1991.??.??"]
[Round "?"]
[White "Atalik, Suat"]
[Black "Nielsen, Peter Heine"]
[Result "1/2-1/2"]
[WhiteElo "2435"]
[BlackElo "2445"]

1.d4 Nf6 2.Nf3 g6 3.c4 Bg7 4.Nc3 O-O 5.e4 d6 6.Be2 c5 7.O-O cxd4 8.Nxd4 Nc6
9.Be3 Bd7 10.Rc1 Nxd4 11.Bxd4 Bc6 12.Qd3 a5 13.Rfe1 Nd7 14.Bxg7 Kxg7 15.Qd4+ f6
16.Bd1 Nc5 17.Re3 b6 18.Bc2 e5 19.Qd2 Ra7 20.Rd1 Rd7 21.Rh3 Kh8 22.Qh6 Rg7
23.Rg3 Rff7 24.h3 Rd7  1/2-1/2

[Event "Cheliabinsk-A"]
[Site "Cheliabinsk"]
[Date "1991.??.??"]
[Round "?"]
[White "Ikonnikov, Vyacheslav"]
[Black "Nielsen, Peter Heine"]
[Result "1/2-1/2"]
[WhiteElo "2480"]
[BlackElo "2445"]

1.d4 Nf6 2.Nf3 g6 3.c4 Bg7 4.Nc3 O-O 5.e4 d6 6.Be2 c5 7.O-O cxd4 8.Nxd4 Nc6
9.Be3 Bd7 10.Qd2 Nxd4 11.Bxd4 Bc6 12.f3 a5 13.b3 Nd7 14.Bf2 Nc5 15.Rab1 e6
16.Rfd1 Be5 17.Bf1 Qf6 18.Rbc1 g5 19.Ne2 g4 20.Qe3 gxf3 21.gxf3 Qg6+ 22.Bg3 f5
23.f4 Nxe4 24.fxe5 dxe5 25.Bg2 f4 26.Bxf4 exf4 27.Nxf4 Rxf4 28.Qxf4 Rf8 29.Qh4 Rf2
30.Rd8+ Kf7 31.Rd7+ Kg8 32.Rd8+ Kg7 33.Rd7+ Kg8 34.Rd8+  1/2-1/2

[Event "Cheliabinsk-A"]
[Site "Cheliabinsk"]
[Date "1991.??.??"]
[Round "?"]
[White "Nielsen, Peter Heine"]
[Black "Magomedov, Magaram"]
[Result "1/2-1/2"]
[WhiteElo "2445"]
[BlackElo "2475"]

1.d4 Nf6 2.c4 e6 3.Nf3 c5 4.Nc3 cxd4 5.Nxd4 d5 6.Bf4 Be7 7.Ndb5 O-O 8.e3 Nc6
9.cxd5 Nxd5 10.Nxd5 exd5 11.Be2 Bb4+ 12.Nc3 d4 13.exd4 Nxd4 14.O-O Nxe2+
15.Qxe2 Be6 16.Rfd1 Qa5 17.Bd6 Rfe8 18.Bxb4 Qxb4 19.Qb5 a5 20.a3 Qxb5 21.Nxb5 Re7
22.Nd4  1/2-1/2

[Event "Copenhagen op"]
[Site "Copenhagen"]
[Date "1991.??.??"]
[Round "4"]
[White "Nielsen, Peter Heine"]
[Black "Petersen, Soren"]
[Result "1-0"]
[WhiteElo "2365"]
[BlackElo "2275"]

1.d4 f5 2.g3 Nf6 3.Bg2 g6 4.Nf3 Bg7 5.O-O d6 6.c4 O-O 7.Nc3 Qe8 8.d5 Na6
9.Nd4 Bd7 10.Rb1 c5 11.Ne6 Bxe6 12.dxe6 Qc8 13.Nd5 Nxd5 14.cxd5 b5 15.Bg5 Bf6
16.Bh6 Bg7 17.Bg5 Bf6 18.Bxf6 Rxf6 19.Qd2 Kg7 20.Rbc1 Qb7 21.h3 Qb6 22.b3 Nc7
23.Kh2 Raf8 24.f4 h5 25.e4 fxe4 26.Bxe4 b4 27.g4 hxg4 28.hxg4 Rh8+ 29.Kg3 Nb5
30.Rh1 Nc3 31.Bf3 Rff8 32.f5 Qb5 33.Qg5 Qe8 34.Rcf1 Nb5 35.Rxh8 Rxh8 36.Be4  1-0

[Event "Copenhagen op"]
[Site "Copenhagen"]
[Date "1991.??.??"]
[Round "7"]
[White "Nielsen, Peter Heine"]
[Black "Furhoff, Johan"]
[Result "1-0"]
[WhiteElo "2365"]
[BlackElo "2295"]

1.d4 Nc6 2.e4 d5 3.Nc3 dxe4 4.d5 Ne5 5.Bf4 Ng6 6.Bg3 f5 7.Nh3 e5 8.dxe6 Qxd1+
9.Rxd1 Bb4 10.Bc4 Ke7 11.O-O Bxc3 12.bxc3 Bxe6 13.Bxe6 Kxe6 14.f3 h6 15.fxe4 fxe4
16.Nf2 Nf6 17.Nxe4 Nxe4 18.Rfe1 Rad8 19.Rxe4+ Kf5 20.Rde1 Rd7 21.h4 h5 22.R4e3 Nf8
23.Rf3+ Kg6 24.Re8 Rf7 25.Rxf7 Kxf7 26.Rc8 Rh6 27.Rxc7+ Ke8 28.Rxb7 Rc6 29.Rxg7 Rxc3
30.Bd6 Nd7 31.Re7+ Kd8 32.Rh7 Ke8 33.Rxh5 Rxc2 34.Ra5 Nf6 35.Kh2 Rc3 36.Ra4 Nd5
37.h5 Kd7 38.Be5  1-0

[Event "Copenhagen op"]
[Site "Copenhagen"]
[Date "1991.??.??"]
[Round "8"]
[White "Brinck Claussen, Bjorn"]
[Black "Nielsen, Peter Heine"]
[Result "0-1"]
[WhiteElo "2415"]
[BlackElo "2365"]

1.e4 c5 2.Nf3 d6 3.d4 cxd4 4.Nxd4 Nf6 5.Nc3 g6 6.Be3 Bg7 7.f3 Nc6 8.Qd2 O-O
9.Bc4 Bd7 10.h4 Rc8 11.Bb3 Ne5 12.h5 Nxh5 13.Bh6 Bxh6 14.Qxh6 Rxc3 15.bxc3 Nf6
16.O-O-O Qa5 17.Ne2 Bb5 18.Nf4 Nc4 19.Rd3 e6 20.g4 Qa3+ 21.Kd1 Nb2+ 22.Kd2 Nxd3
23.g5 Nh5 24.Rxh5 Qc1+  0-1

[Event "Copenhagen op"]
[Site "Copenhagen"]
[Date "1991.??.??"]
[Round "9"]
[White "Nielsen, Peter Heine"]
[Black "Norgaard, Jesper"]
[Result "1/2-1/2"]
[WhiteElo "2365"]
[BlackElo "2305"]

1.e4 e5 2.Nf3 Nc6 3.Bb5 a6 4.Bxc6 dxc6 5.O-O f6 6.d4 exd4 7.Nxd4 c5 8.Nb3 Qxd1
9.Rxd1 Bg4 10.f3 Be6 11.Bf4 c4 12.Nd4 O-O-O 13.Nc3 Bc5 14.Be3 Bxd4 15.Rxd4 Rxd4
16.Bxd4 Ne7 17.Rd1 Re8 18.Kf2  1/2-1/2